000
00298nam a2200121 a 4500
001
4143
005
20140414131855.0
008
090223s19uu xx 00 eng d
050
_a
M 822.3
_b
Sh1 1959
100
_a
Shakespeare, William
245
_a
The Tragedy of Romeo and Juliet.
999
_c
110410
_d
110410